MARC

Tag First Indicator Second Indicator Subfields
LEADER 00000cam a2200000 a 4500
001 in00004488621
005 20191203081549.0
008 970401t19971996at a b 001 0 eng d
020 |a 1875582592 
035 |a (OCoLC)38409496 
035 |z (UtOrBLW)25140 
035 |a 38882 
040 |a AUT  |c AUT  |d UtOrBLW 
049 |a TMVM  |c 1 
060 4 |a SF 997.5.C3  |b M274c 1996 
082 0 0 |a 636.295  |2 20 
100 1 |a Manefield, G. W.  |q (Geoffrey W.) 
245 1 0 |a Camels :  |b a compendium /  |c G. W. Manefield, A. H. Tinson. 
264 1 |a [Sydney] :  |b University of Sydney Post Graduate Foundation in Veterinary Science,  |c [1997,1996] 
300 |a xvi, 372 pages :  |b illustrations ;  |c 26 cm. 
336 |a text  |2 rdacontent  |b txt 
337 |a unmediated  |2 rdamedia 
338 |a volume  |2 rdacarrier  |b nc 
490 1 |a The T.G. Hungerford vade mecum series for domestic animals. Series C ;  |v no. 22 
500 |a "Published by the University of Sydney Post Graduate Foundation in Veterinary Science, February 1997"--Cover. 
500 |a "December 1996". 
500 |a "0814-6829".--Title page verso. 
504 |a Includes bibliographical references and index. 
650 2 |a Camelus. 
650 2 |a Animal Diseases. 
700 1 |a Tinson, A. H.  |q (Alexander H.) 
710 2 |a University of Sydney.  |b Post-Graduate Foundation in Veterinary Science. 
830 0 |a T.G. Hungerford vade mecum series for domestic animals.  |n Series C,  |p Compendium ;  |v no. 22. 
999 |a MARS 
999 f f |s ae723695-2da1-3d47-96c5-36ca55fa52fe  |i 70abf577-62a2-3645-bbbf-b95b0c0c1ce8  |t 0 
952 f f |p preservation  |a Texas A&M University  |b J.J. Pickle Campus  |c High Density Repository  |d Remote Storage  |t 0  |e SF 997.5.C3 M274c 1996  |h National Library of Medicine classification  |i unmediated -- volume  |m 3238901278044 
998 f f |a SF 997.5.C3 M274c 1996  |t 0  |l Remote Storage